[Event "Mem. V. Mencikove"]
[Site "Prague"]
[Date "2016.09.18"]
[Round "3.8"]
[White "Eret, Matous"]
[Black "Neuman, Petr"]
[Result "0-1"]
[WhiteElo "2162"]
[BlackElo "2408"]
[PlyCount "84"]
[EventDate "2016.09.18"]
[EventType "swiss (rapid)"]
[EventRounds "9"]
[EventCountry "CZE"]

1. e4 d6 2. Nc3 c5 3. f4 g6 4. Nf3 Bg7 5. Bb5+ Bd7 6. Bxd7+ Qxd7 7. O-O Nc6 8.
d3 Nf6 9. Bd2 O-O 10. Qe1 e6 11. Qh4 d5 12. e5 Ne8 13. Ng5 h6 14. Nh3 Qd8 15.
Qg3 Nd4 16. Rac1 b5 17. Qf2 f6 18. Ne2 fxe5 19. Nxd4 exd4 20. Qg3 Qf6 21. Nf2
h5 22. Nh3 Nd6 23. Rce1 Nf5 24. Qf2 Rae8 25. Ng5 e5 26. Qf3 Qd6 27. g4 Ne3 28.
Bxe3 dxe3 29. Qxe3 Qd7 30. f5 gxf5 31. gxh5 f4 32. Qf3 Bf6 33. Nh3 Kh8 34. Nf2
Rg8+ 35. Kh1 Bh4 36. Re2 Bxf2 37. Rexf2 Rg5 38. c3 Reg8 39. d4 Qg7 40. h3 e4
41. Qxf4 Rg1+ 42. Kh2 Qg2+ 0-1

[Event "Mem. V. Mencikove"]
[Site "Prague"]
[Date "2016.09.18"]
[Round "3.9"]
[White "Vlasak, Lukas"]
[Black "Strasil, Pavel"]
[Result "1/2-1/2"]
[WhiteElo "2395"]
[BlackElo "2146"]
[PlyCount "80"]
[EventDate "2016.09.18"]
[EventType "swiss (rapid)"]
[EventRounds "9"]
[EventCountry "CZE"]

1. e4 c5 2. Nf3 a6 3. Nc3 d6 4. d4 cxd4 5. Nxd4 e5 6. Nb3 Nf6 7. Be3 Be7 8. h3
Be6 9. Qf3 Qc7 10. O-O-O Nc6 11. Kb1 Na5 12. g4 h6 13. Rg1 Nc4 14. Bxc4 Qxc4
15. Rd2 b5 16. Nd5 Bxd5 17. exd5 a5 18. Nc1 Rc8 19. Qe2 Qxe2 20. Nxe2 Ne4 21.
Rd3 Kd7 22. f3 Nc5 23. Bxc5 Rxc5 24. Ng3 Rhc8 25. Rg2 a4 26. Ne4 Rc4 27. b3
axb3 28. axb3 R4c7 29. c3 g6 30. Ra2 f5 31. gxf5 gxf5 32. Ng3 Rxc3 33. Ra7+
R3c7 34. Rxc7+ Rxc7 35. Nxf5 Bg5 36. Kb2 Bc1+ 37. Kb1 Bf4 38. Kb2 Bc1+ 39. Kb1
Bf4 40. Kb2 Bc1+ 1/2-1/2

[Event "Mem. V. Mencikove"]
[Site "Prague"]
[Date "2016.09.18"]
[Round "4.1"]
[White "Navara, David"]
[Black "Suran, Jan"]
[Result "1-0"]
[WhiteElo "2696"]
[BlackElo "2350"]
[PlyCount "71"]
[EventDate "2016.09.18"]
[EventType "swiss (rapid)"]
[EventRounds "9"]
[EventCountry "CZE"]

1. d4 Nf6 2. c4 g6 3. Nf3 Bg7 4. g3 O-O 5. Bg2 d6 6. Nc3 c6 7. O-O Bf5 8. Nh4
Be6 9. d5 cxd5 10. cxd5 Bd7 11. Be3 Na6 12. h3 Qa5 13. a3 Rfc8 14. Bd4 Qd8 15.
Re1 Nc7 16. Qb3 Nh5 17. Bxg7 Kxg7 18. e4 Kg8 19. e5 dxe5 20. Rxe5 Rab8 21. Rae1
e6 22. d6 Ne8 23. Rd1 Nhf6 24. Re2 Qb6 25. Qxb6 axb6 26. Nf3 Bc6 27. Ne5 Bxg2
28. Kxg2 Rd8 29. Nb5 Nd5 30. d7 Nef6 31. Nd6 Rf8 32. Rc2 Kg7 33. Rdc1 b5 34.
Rc8 Nb6 35. Ne8+ Nxe8 36. Rxb8 1-0

[Event "Mem. V. Mencikove"]
[Site "Prague"]
[Date "2016.09.18"]
[Round "4.2"]
[White "Movsesian, Julia"]
[Black "Movsesian, Sergei"]
[Result "0-1"]
[WhiteElo "2341"]
[BlackElo "2674"]
[PlyCount "58"]
[EventDate "2016.09.18"]
[EventType "swiss (rapid)"]
[EventRounds "9"]
[EventCountry "CZE"]

1. e4 c5 2. Nf3 e6 3. d4 cxd4 4. Nxd4 Nc6 5. Nc3 a6 6. g3 Qc7 7. Bg2 d6 8. O-O
Bd7 9. Re1 Be7 10. Nxc6 bxc6 11. Na4 c5 12. c4 Rb8 13. Nc3 Bf6 14. Qc2 Ne7 15.
b3 Nc6 16. Bb2 O-O 17. Rad1 Bd4 18. Ne2 e5 19. Bxd4 cxd4 20. Nc1 Nb4 21. Qb2 a5
22. a3 Na6 23. Qd2 Nc5 24. Qc2 f5 25. f4 fxe4 26. fxe5 d3 27. Qc3 dxe5 28. Bxe4
Nxe4 29. Rxe4 Qc5+ 0-1

[Event "Mem. V. Mencikove"]
[Site "Prague"]
[Date "2016.09.18"]
[Round "4.3"]
[White "Michalek, Jan"]
[Black "Michalik, Peter"]
[Result "0-1"]
[WhiteElo "2274"]
[BlackElo "2521"]
[PlyCount "54"]
[EventDate "2016.09.18"]
[EventType "swiss (rapid)"]
[EventRounds "9"]
[EventCountry "CZE"]

1. e4 c6 2. d4 d5 3. exd5 cxd5 4. c4 Nf6 5. Nc3 g6 6. cxd5 Bg7 7. Qb3 O-O 8.
Be2 Nbd7 9. Bf3 Nb6 10. a4 a5 11. Bf4 Bg4 12. Bxg4 Nxg4 13. Nf3 Nf6 14. d6 exd6
15. O-O Rc8 16. Rac1 Rc4 17. Nb5 Rb4 18. Qd3 Nxa4 19. Nxd6 Nxb2 20. Qa3 Nd5 21.
Be5 Bxe5 22. dxe5 Nf4 23. Qe3 Qb6 24. Qxb6 Rxb6 25. Rc7 Ne2+ 26. Kh1 Nd3 27.
Nxb7 Nxf2+ 0-1

[Event "Mem. V. Mencikove"]
[Site "Prague"]
[Date "2016.09.18"]
[Round "4.4"]
[White "Kovar, Josef"]
[Black "Pulpan, Jakub"]
[Result "0-1"]
[WhiteElo "2161"]
[BlackElo "2411"]
[PlyCount "188"]
[EventDate "2016.09.18"]
[EventType "swiss (rapid)"]
[EventRounds "9"]
[EventCountry "CZE"]

1. b3 e5 2. Bb2 Nc6 3. e3 Nf6 4. Bb5 Bd6 5. Bxc6 dxc6 6. d3 Qe7 7. Nd2 Bg4 8.
Ne2 O-O-O 9. h3 Bh5 10. e4 Bb4 11. a3 Bxd2+ 12. Qxd2 Nxe4 13. Qe3 Nf6 14. g4
Bg6 15. Qxa7 b6 16. O-O-O Qc5 17. Rhf1 Kd7 18. Qa4 b5 19. Qa5 Ra8 20. Qd2 Kc8
21. Qe3 Qxe3+ 22. fxe3 Nd5 23. Kd2 f6 24. c4 Nb6 25. cxb5 cxb5 26. d4 exd4 27.
Nxd4 Rd8 28. Kc1 Bf7 29. g5 Bh5 30. Rd2 fxg5 31. Nxb5 Rxd2 32. Kxd2 Kb7 33. a4
Rd8+ 34. Kc1 Nd5 35. Bd4 Rd7 36. Rf5 h6 37. Kb2 Bg6 38. Re5 Nb4 39. Kc3 Nc6 40.
Rc5 Ne7 41. a5 c6 42. Na3 Nd5+ 43. Kc4 Bf5 44. a6+ Kxa6 45. Rxc6+ Kb7 46. Rc5
Be6 47. Kd3 Bxh3 48. Nc4 Bf1+ 49. Ke4 Nf6+ 50. Kf5 Bh3+ 51. Kg6 Nd5 52. Na5+
Ka6 53. Nc6 Ne7+ 54. Nxe7 Rxe7 55. Bxg7 Re6+ 56. Kh5 g4 57. Re5 Rb6 58. Kh4 Rg6
59. Bf8 g3 60. e4 g2 61. Bc5 Be6 62. b4 Bc4 63. Kh5 g1=Q 64. Bxg1 Rxg1 65. Kxh6
Bd3 66. Ra5+ Kb6 67. e5 Bb5 68. Ra8 Bc6 69. Rb8+ Kc7 70. Rf8 Re1 71. Rf5 Bd7
72. Rg5 Kd8 73. Kg6 Ke7 74. b5 Bxb5 75. Kf5 Bd7+ 76. Kf4 Be8 77. Rg3 Ke6 78.
Rg5 Bf7 79. Rg7 Rf1+ 80. Ke4 Rf5 81. Kd4 Rf4+ 82. Ke3 Ra4 83. Rh7 Bg6 84. Rh8
Kxe5 85. Rb8 Ra3+ 86. Kd2 Be4 87. Re8+ Kd4 88. Rd8+ Bd5 89. Rh8 Ra2+ 90. Kc1
Bc4 91. Kd1 Kc3 92. Ke1 Re2+ 93. Kd1 Re7 94. Rd8 Bb3+ 0-1

[Event "Mem. V. Mencikove"]
[Site "Prague"]
[Date "2016.09.18"]
[Round "4.5"]
[White "Neuman, Petr"]
[Black "Polasek, Jaroslav"]
[Result "1-0"]
[WhiteElo "2408"]
[BlackElo "2320"]
[PlyCount "101"]
[EventDate "2016.09.18"]
[EventType "swiss (rapid)"]
[EventRounds "9"]
[EventCountry "CZE"]

1. d4 f5 2. Nc3 d5 3. f3 Nf6 4. Bg5 e6 5. e4 Be7 6. e5 Nfd7 7. Bxe7 Qxe7 8. f4
b6 9. Qd2 Ba6 10. Bxa6 Nxa6 11. a4 O-O 12. Nf3 Nb4 13. O-O a6 14. Ne2 c5 15. a5
b5 16. dxc5 Qxc5+ 17. Ned4 Nc6 18. Kh1 Rfe8 19. Nxc6 Qxc6 20. Nd4 Qc4 21. b3
Qc7 22. b4 Rac8 23. Rf3 Nb8 24. h3 Nc6 25. Nb3 d4 26. Rd3 Red8 27. Rd1 Qe7 28.
Nc5 Nxb4 29. Qxb4 Qxc5 30. Qxc5 Rxc5 31. Rxd4 Rxd4 32. Rxd4 Rxc2 33. Rd6 b4 34.
Rxe6 b3 35. Rb6 Ra2 36. Rxb3 Rxa5 37. Rb8+ Kf7 38. Rb7+ Kf8 39. Kh2 Ra3 40. Kg1
Ra2 41. Kf1 a5 42. e6 a4 43. Rf7+ Ke8 44. Rxg7 a3 45. Ra7 h5 46. g4 fxg4 47.
hxg4 h4 48. f5 Ra1+ 49. Kg2 Ra2+ 50. Kh3 Re2 51. Rxa3 1-0

[Event "Mem. V. Mencikove"]
[Site "Prague"]
[Date "2016.09.18"]
[Round "4.6"]
[White "Jelinek, Michal"]
[Black "Londyn, Radek"]
[Result "0-1"]
[WhiteElo "1921"]
[BlackElo "2381"]
[PlyCount "38"]
[EventDate "2016.09.18"]
[EventType "swiss (rapid)"]
[EventRounds "9"]
[EventCountry "CZE"]

1. d4 Nf6 2. c4 e6 3. Nc3 Bb4 4. f3 c5 5. d5 O-O 6. e4 d6 7. Nge2 a6 8. Ng3 b5
9. cxb5 exd5 10. exd5 Re8+ 11. Be2 axb5 12. O-O c4 13. Nge4 Nxe4 14. Nxe4 f5
15. Ng5 Qe7 16. Kf2 Bc5+ 17. Ke1 Na6 18. Nh3 Nb4 19. Nf2 Bb7 0-1

[Event "Mem. V. Mencikove"]
[Site "Prague"]
[Date "2016.09.18"]
[Round "4.7"]
[White "Bernasek, Jan"]
[Black "Rous, Daniel"]
[Result "1-0"]
[WhiteElo "2536"]
[BlackElo "2150"]
[PlyCount "154"]
[EventDate "2016.09.18"]
[EventType "swiss (rapid)"]
[EventRounds "9"]
[EventCountry "CZE"]

1. d4 Nf6 2. c4 g6 3. Nc3 d5 4. Bg5 Ne4 5. Bh4 Nxc3 6. bxc3 dxc4 7. Nf3 Bg7 8.
e3 c5 9. Bxc4 Nc6 10. O-O O-O 11. Qe2 Bg4 12. h3 Bd7 13. Rfd1 Na5 14. Bd3 Ba4
15. Rd2 Rc8 16. Rb1 Re8 17. Be4 cxd4 18. cxd4 Nc4 19. Rxb7 Nxd2 20. Qxd2 Rc7
21. Rb4 Bc6 22. d5 Rd7 23. Rd4 Ba8 24. Ra4 Bxd5 25. Bxd5 Rxd5 26. Qe2 Qd7 27.
Qa6 Ra8 28. Bg3 Qb5 29. Kh2 e6 30. h4 Qxa6 31. Rxa6 Bc3 32. Ng5 Ra5 33. Rc6 Bf6
34. Ne4 Bd8 35. Rc2 Bb6 36. Bd6 Kg7 37. Bb4 Rb5 38. Rc4 a5 39. Bc3+ Kf8 40. Rc6
Bd8 41. g3 h6 42. Bd4 a4 43. Kg2 a3 44. Kf3 Rba5 45. Nd6 R5a6 46. Rxa6 Rxa6 47.
Nc4 Be7 48. Ke2 f5 49. Kd3 Rc6 50. f4 h5 51. Kc3 Kf7 52. Kb3 Rc8 53. Bb6 Rb8
54. Ka4 Ra8+ 55. Kb3 Rb8 56. Ka4 Rc8 57. Kb5 Ke8 58. Bd4 g5 59. hxg5 Bxg5 60.
Nd6+ Kd7 61. Nxc8 Kxc8 62. Kb4 h4 63. gxh4 Bxh4 64. e4 Kb7 65. Kxa3 Kc6 66. Kb4
Be1+ 67. Kc4 Bd2 68. a4 Be1 69. Kd3 Ba5 70. Ke2 Bb4 71. Kd3 Ba5 72. Bc3 Bb6 73.
Kc4 Bc7 74. Bd4 Ba5 75. Bc5 Bc7 76. Bd4 e5 77. fxe5 Bxe5 1-0

[Event "Mem. V. Mencikove"]
[Site "Prague"]
[Date "2016.09.18"]
[Round "4.8"]
[White "Cernousek, Lukas"]
[Black "Strasil, Pavel"]
[Result "1-0"]
[WhiteElo "2494"]
[BlackElo "2146"]
[PlyCount "85"]
[EventDate "2016.09.18"]
[EventType "swiss (rapid)"]
[EventRounds "9"]
[EventCountry "CZE"]

1. Nf3 Nf6 2. c4 e6 3. g3 b6 4. Bg2 Bb7 5. O-O Be7 6. b3 c5 7. Bb2 O-O 8. e3 d6
9. Qe2 Nbd7 10. Rd1 Qc7 11. Nc3 a6 12. Rac1 Ne4 13. Nb1 Ng5 14. Nxg5 Bxg5 15.
d4 Bxg2 16. Kxg2 Bf6 17. Nc3 Be7 18. d5 e5 19. e4 f5 20. exf5 Rxf5 21. Ne4 Raf8
22. Rd3 h6 23. Rc2 Nf6 24. f3 Nxe4 25. Qxe4 Bd8 26. a3 h5 27. Rf2 Qf7 28. b4 h4
29. Bc1 hxg3 30. hxg3 Qg6 31. Rd1 R5f6 32. Qxg6 Rxg6 33. Re2 Bh4 34. g4 Bg5 35.
Bxg5 Rxg5 36. bxc5 bxc5 37. Rb1 Rf4 38. Rb8+ Kh7 39. Rb6 Rxc4 40. Rxd6 Rd4 41.
Kg3 Rd3 42. Rh2+ Kg8 43. Kh4 1-0

[Event "Mem. V. Mencikove"]
[Site "Prague"]
[Date "2016.09.18"]
[Round "4.9"]
[White "Konopka, Michal"]
[Black "Matras, Ondrej"]
[Result "1-0"]
[WhiteElo "2422"]
[BlackElo "2188"]
[PlyCount "77"]
[EventDate "2016.09.18"]
[EventType "swiss (rapid)"]
[EventRounds "9"]
[EventCountry "CZE"]

1. Nf3 Nf6 2. c4 d6 3. d4 Bg4 4. Qb3 Qc8 5. h3 Bxf3 6. Qxf3 Nc6 7. e3 e5 8. d5
Nb4 9. Qd1 a5 10. a3 Na6 11. Nc3 Nc5 12. Bd3 g6 13. O-O Bg7 14. Bc2 O-O 15. Rb1
Nh5 16. b4 axb4 17. axb4 Nd7 18. e4 Nf4 19. Be3 f5 20. c5 Nf6 21. f3 Bh6 22.
Qd2 N6h5 23. Kh2 fxe4 24. Nxe4 Ra2 25. Ra1 Rxa1 26. Rxa1 Nf6 27. Nxf6+ Rxf6 28.
Be4 Bf8 29. Qa2 Rf7 30. Qa8 Qd7 31. Qxb7 Qe7 32. Qc8 Qg5 33. Qg4 Qh6 34. Ra8
Qg7 35. g3 Nh5 36. Qe6 Nf6 37. cxd6 cxd6 38. Ra7 Be7 39. Rxe7 1-0

[Event "Mem. V. Mencikove"]
[Site "Prague"]
[Date "2016.09.18"]
[Round "5.1"]
[White "Pulpan, Jakub"]
[Black "Navara, David"]
[Result "0-1"]
[WhiteElo "2411"]
[BlackElo "2696"]
[PlyCount "50"]
[EventDate "2016.09.18"]
[EventType "swiss (rapid)"]
[EventRounds "9"]
[EventCountry "CZE"]

1. e4 c6 2. d3 d5 3. Nd2 e5 4. Ngf3 Bd6 5. d4 exd4 6. exd5 Nf6 7. dxc6 Nxc6 8.
Be2 O-O 9. O-O Bc7 10. Nb3 Bb6 11. Bg5 h6 12. Bh4 Re8 13. Re1 g5 14. Bg3 Bg4
15. h3 Bh5 16. Nfd2 d3 17. cxd3 Bxe2 18. Rxe2 Qxd3 19. Rxe8+ Rxe8 20. Nf3 Qxd1+
21. Rxd1 Ne4 22. Re1 Re6 23. Kf1 Nb4 24. Nc1 Nc2 25. Re2 Ne3+ 0-1

[Event "Mem. V. Mencikove"]
[Site "Prague"]
[Date "2016.09.18"]
[Round "5.2"]
[White "Movsesian, Sergei"]
[Black "Neuman, Petr"]
[Result "1-0"]
[WhiteElo "2674"]
[BlackElo "2408"]
[PlyCount "57"]
[EventDate "2016.09.18"]
[EventType "swiss (rapid)"]
[EventRounds "9"]
[EventCountry "CZE"]

1. e4 d6 2. d4 Nf6 3. Nc3 e5 4. Nf3 Nbd7 5. Bc4 Be7 6. O-O O-O 7. a4 c6 8. Ba2
b6 9. Qe2 a6 10. Rd1 Qc7 11. Bg5 Rb8 12. h3 b5 13. axb5 axb5 14. b4 h6 15. Be3
Re8 16. d5 Bb7 17. Bb3 Ra8 18. dxc6 Bxc6 19. Nxb5 Bxb5 20. Qxb5 Rxa1 21. Rxa1
Rb8 22. Qa5 Qb7 23. c3 Qxe4 24. Qc7 Qb7 25. Qxb7 Rxb7 26. Ra8+ Rb8 27. Ra7 d5
28. Nxe5 Nxe5 29. Rxe7 1-0

[Event "Mem. V. Mencikove"]
[Site "Prague"]
[Date "2016.09.18"]
[Round "5.3"]
[White "Michalik, Peter"]
[Black "Londyn, Radek"]
[Result "1/2-1/2"]
[WhiteElo "2521"]
[BlackElo "2381"]
[PlyCount "81"]
[EventDate "2016.09.18"]
[EventType "swiss (rapid)"]
[EventRounds "9"]
[EventCountry "CZE"]

1. e4 e5 2. Nf3 Nc6 3. Bc4 Nf6 4. d3 Be7 5. O-O O-O 6. a4 d6 7. c3 Kh8 8. Re1
Ng8 9. d4 f5 10. dxe5 fxe4 11. Rxe4 dxe5 12. Qxd8 Rxd8 13. Re1 Bf5 14. Ng5 Bxg5
15. Bxg5 Nf6 16. Na3 a6 17. Bf1 h6 18. Bh4 g5 19. Bg3 Ne4 20. Nc4 Nxg3 21. hxg3
e4 22. Ne3 Bg6 23. g4 Rd7 24. a5 Kg7 25. Nf5+ Bxf5 26. gxf5 Re8 27. Ra4 Kf6 28.
g4 h5 29. gxh5 Kxf5 30. f3 Ne5 31. Bh3+ g4 32. fxg4+ Nxg4 33. Kg2 Kf4 34. Bxg4
Kxg4 35. Rexe4+ Rxe4 36. Rxe4+ Kxh5 37. Rb4 c6 38. Kf3 Kg5 39. Ke4 Kf6 40. Rd4
Ke6 41. Rxd7 1/2-1/2

[Event "Mem. V. Mencikove"]
[Site "Prague"]
[Date "2016.09.18"]
[Round "5.4"]
[White "Vlasak, Lukas"]
[Black "Bernasek, Jan"]
[Result "1/2-1/2"]
[WhiteElo "2395"]
[BlackElo "2536"]
[PlyCount "74"]
[EventDate "2016.09.18"]
[EventType "swiss (rapid)"]
[EventRounds "9"]
[EventCountry "CZE"]

1. e4 c5 2. Nf3 e6 3. d4 cxd4 4. Nxd4 a6 5. Nc3 Nc6 6. Nxc6 bxc6 7. Bd3 d5 8.
O-O Nf6 9. Qe2 Be7 10. b3 Qc7 11. Na4 dxe4 12. Bxe4 Nxe4 13. Qxe4 Bb7 14. Bb2
c5 15. Qe2 Qc6 16. f3 O-O 17. c4 Rfd8 18. Rad1 f6 19. Rfe1 Kf7 20. Ba3 Rac8 21.
Qe3 Rd4 22. Bxc5 Rxd1 23. Rxd1 Qxa4 24. Bxe7 Qxa2 25. Bxf6 Kxf6 26. Qf4+ Kg6
27. Qg4+ Kf6 28. Rd7 Qb1+ 29. Kf2 Qb2+ 30. Kg3 Qe5+ 31. Kh3 g5 32. Rxb7 h5 33.
Qxh5 Qf5+ 34. Kg3 Qf4+ 35. Kf2 Qd2+ 36. Kg3 Qf4+ 37. Kf2 Ke5 1/2-1/2

[Event "Mem. V. Mencikove"]
[Site "Prague"]
[Date "2016.09.18"]
[Round "5.5"]
[White "Hausner, Ivan"]
[Black "Cernousek, Lukas"]
[Result "0-1"]
[WhiteElo "2360"]
[BlackElo "2494"]
[PlyCount "76"]
[EventDate "2016.09.18"]
[EventType "swiss (rapid)"]
[EventRounds "9"]
[EventCountry "CZE"]

1. e4 c5 2. Nf3 d6 3. Bb5+ Nd7 4. d4 cxd4 5. Qxd4 a6 6. Be2 Ngf6 7. Nc3 g6 8.
Bg5 Bg7 9. Qd2 h6 10. Be3 Ng4 11. Bd4 e5 12. Be3 Nxe3 13. Qxe3 Nf6 14. O-O-O
Qc7 15. Rd2 Be6 16. h3 O-O 17. Rhd1 Rfd8 18. Kb1 b5 19. Nd5 Bxd5 20. exd5 Rac8
21. Rc1 Nd7 22. g4 Nb6 23. h4 Qb7 24. Qe4 Rc5 25. h5 g5 26. Bd3 Qxd5 27. Qh7+
Kf8 28. Be4 Qe6 29. Bf5 Qf6 30. c3 Ke7 31. Bc2 Rc4 32. Qf5 Rf4 33. Qxf6+ Bxf6
34. Bd1 Nc4 35. Rdc2 Rxg4 36. Nd4 exd4 37. Bxg4 d3 38. Re1+ Kf8 0-1

[Event "Mem. V. Mencikove"]
[Site "Prague"]
[Date "2016.09.18"]
[Round "5.6"]
[White "Richtrova, Eliska"]
[Black "Konopka, Michal"]
[Result "0-1"]
[WhiteElo "2224"]
[BlackElo "2422"]
[PlyCount "64"]
[EventDate "2016.09.18"]
[EventType "swiss (rapid)"]
[EventRounds "9"]
[EventCountry "CZE"]

1. c4 Nf6 2. Nc3 d5 3. cxd5 Nxd5 4. g3 g6 5. Bg2 Nxc3 6. bxc3 Bg7 7. Nf3 O-O 8.
O-O c5 9. d4 Nc6 10. Be3 Be6 11. Rb1 b6 12. dxc5 bxc5 13. Ng5 Bd7 14. Rb7 Be8
15. Qxd8 Rxd8 16. Bxc5 Bxc3 17. Rc7 Be5 18. Rb7 Bd4 19. Bxe7 Nxe7 20. Rxe7 Bf6
21. Rxe8 Rfxe8 22. Ne4 Kg7 23. g4 h6 24. f4 Bd4+ 25. Kh1 Bb6 26. f5 Rd4 27.
fxg6 Rexe4 28. Bxe4 Rxe4 29. gxf7 Kf8 30. Kg2 Rxg4+ 31. Kf3 Rg1 32. Rxg1 Bxg1
0-1

[Event "Mem. V. Mencikove"]
[Site "Prague"]
[Date "2016.09.18"]
[Round "5.7"]
[White "Prochazka, Dalibor"]
[Black "Studnicka, Tomas"]
[Result "1/2-1/2"]
[WhiteElo "2148"]
[BlackElo "2392"]
[PlyCount "51"]
[EventDate "2016.09.18"]
[EventType "swiss (rapid)"]
[EventRounds "9"]
[EventCountry "CZE"]

1. e4 c5 2. Nf3 g6 3. c3 Bg7 4. d4 cxd4 5. cxd4 Nf6 6. Nc3 d5 7. e5 Ne4 8. Ng5
Nxc3 9. bxc3 Nc6 10. Bd3 O-O 11. h4 h6 12. h5 hxg5 13. hxg6 fxg6 14. Bxg6 Bf5
15. Qh5 Bxg6 16. Qxg6 Qa5 17. Bd2 Rf7 18. Rh7 e6 19. O-O-O Qxa2 20. Rdh1 Qa1+
21. Kc2 Nb4+ 22. cxb4 Rc8+ 23. Kd3 Qa3+ 24. Ke2 Qa6+ 25. Ke3 Qa3+ 26. Ke2
1/2-1/2

[Event "Mem. V. Mencikove"]
[Site "Prague"]
[Date "2016.09.18"]
[Round "5.8"]
[White "Suran, Jan"]
[Black "Jascenko, Olga"]
[Result "1/2-1/2"]
[WhiteElo "2350"]
[BlackElo "2116"]
[PlyCount "116"]
[EventDate "2016.09.18"]
[EventType "swiss (rapid)"]
[EventRounds "9"]
[EventCountry "CZE"]

1. e4 c5 2. Nf3 e6 3. b3 Nc6 4. Bb2 Nf6 5. e5 Nd5 6. c4 Nde7 7. Nc3 Nf5 8. Ne4
Qc7 9. Bd3 Be7 10. O-O h6 11. Qe2 b6 12. Nf6+ Bxf6 13. exf6 g6 14. Bxf5 gxf5
15. Nh4 Qf4 16. g3 Rg8 17. Ng2 Qc7 18. Ne3 Nd4 19. Bxd4 cxd4 20. Nxf5 Bb7 21.
Ne7 Rg5 22. Rae1 Qf4 23. Nd5 Bxd5 24. cxd5 Qxf6 25. dxe6 fxe6 26. f4 Rc5 27.
Qd3 O-O-O 28. Rc1 d6 29. b4 Rxc1 30. Rxc1+ Kb7 31. Qc4 Qe7 32. Qxd4 Kb8 33. Qc4
Qd7 34. d4 h5 35. b5 h4 36. Qc6 Qg7 37. Kg2 hxg3 38. hxg3 e5 39. fxe5 dxe5 40.
d5 Qb7 41. Qxb7+ Kxb7 42. Rd1 Kc7 43. d6+ Kd7 44. g4 Rc8 45. Rd2 Rc5 46. a4 Rc4
47. Kg3 Rxa4 48. g5 e4 49. g6 e3 50. Re2 Re4 51. Kf3 Re8 52. Rxe3 Rg8 53. Re7+
Kxd6 54. Rxa7 Rxg6 55. Ke4 Kc5 56. Kd3 Kxb5 57. Kc3 Rc6+ 58. Kb3 Rc5 1/2-1/2

[Event "Mem. V. Mencikove"]
[Site "Prague"]
[Date "2016.09.18"]
[Round "5.9"]
[White "Rous, Daniel"]
[Black "Movsesian, Julia"]
[Result "1-0"]
[WhiteElo "2150"]
[BlackElo "2341"]
[PlyCount "87"]
[EventDate "2016.09.18"]
[EventType "swiss (rapid)"]
[EventRounds "9"]
[EventCountry "CZE"]

1. d4 Nf6 2. Nf3 e6 3. c4 d5 4. Nc3 Be7 5. Bf4 O-O 6. e3 b6 7. Bd3 Bb7 8. O-O
Nbd7 9. Rc1 a6 10. a3 Ne4 11. cxd5 exd5 12. Bxc7 Qxc7 13. Nxe4 Qd8 14. Ng3 g6
15. Qe2 Bf6 16. Rc2 b5 17. Nd2 Nb6 18. Nb3 Nc4 19. Nc5 Bc8 20. Ra1 Re8 21. Qf3
Ra7 22. Ne2 Bg7 23. Nf4 Be6 24. b3 Nb6 25. a4 bxa4 26. bxa4 Qd6 27. Bxa6 Bf5
28. Bd3 Bxd3 29. Nfxd3 Rea8 30. Rca2 Ra5 31. Nb7 Qc7 32. Nxa5 Rxa5 33. Rc1 Qa7
34. Nc5 Nxa4 35. Nxa4 Rxa4 36. Rxa4 Qxa4 37. Qxd5 Qa3 38. Qc5 Qb2 39. Qc2 Qb6
40. g3 h5 41. Qe4 Bf6 42. Rc6 Qd8 43. Ra6 Kg7 44. Rxf6 1-0

[Event "Mem. V. Mencikove"]
[Site "Prague"]
[Date "2016.09.18"]
[Round "6.1"]
[White "Navara, David"]
[Black "Movsesian, Sergei"]
[Result "1-0"]
[WhiteElo "2696"]
[BlackElo "2674"]
[PlyCount "97"]
[EventDate "2016.09.18"]
[EventType "swiss (rapid)"]
[EventRounds "9"]
[EventCountry "CZE"]

1. d4 Nf6 2. c4 e6 3. Nc3 Bb4 4. e3 O-O 5. Bd3 d5 6. cxd5 exd5 7. Nge2 b6 8.
O-O Bb7 9. a3 Bd6 10. b4 Re8 11. Qb3 c6 12. f3 a5 13. Rb1 axb4 14. axb4 Na6 15.
b5 Nb4 16. bxc6 Bxc6 17. Bb5 Bxb5 18. Nxb5 Bf8 19. Bd2 Qd7 20. Bxb4 Qxb5 21.
Kf2 Qxb4 22. Qxb4 Bxb4 23. Rxb4 Ra3 24. Rxb6 Raxe3 25. Nf4 Ra3 26. Rfb1 h6 27.
Rb8 Ra2+ 28. Kf1 Kf8 29. Rxe8+ Kxe8 30. Rb8+ Ke7 31. Rb7+ Ke8 32. Nd3 Nd7 33.
Nb4 Rb2 34. Rb5 Rb1+ 35. Kf2 Rb2+ 36. Kg3 Rd2 37. Rxd5 Nf6 38. Re5+ Kd7 39. Nd5
Nxd5 40. Rxd5+ Ke6 41. Re5+ Kd6 42. Re4 f5 43. Re8 g5 44. Rh8 f4+ 45. Kh3 Rxd4
46. Rxh6+ Ke5 47. Kg4 Rd2 48. g3 Rg2 49. Rg6 1-0

[Event "Mem. V. Mencikove"]
[Site "Prague"]
[Date "2016.09.18"]
[Round "6.2"]
[White "Konopka, Michal"]
[Black "Michalik, Peter"]
[Result "0-1"]
[WhiteElo "2422"]
[BlackElo "2521"]
[PlyCount "92"]
[EventDate "2016.09.18"]
[EventType "swiss (rapid)"]
[EventRounds "9"]
[EventCountry "CZE"]

1. Nf3 Nf6 2. c4 e6 3. g3 d5 4. Bg2 dxc4 5. Qa4+ Bd7 6. Qxc4 Bc6 7. O-O Be7 8.
Nc3 O-O 9. d4 a6 10. Bg5 b5 11. Qd3 Nbd7 12. a3 Bb7 13. Rfd1 c5 14. dxc5 Nxc5
15. Qe3 Qb6 16. b4 Ncd7 17. Rxd7 Qxe3 18. fxe3 Nxd7 19. Bxe7 Rfc8 20. Nd1 f6
21. Nf2 Rc3 22. Nd3 Re8 23. Bd6 Be4 24. Nfe1 Bxg2 25. Kxg2 Nb6 26. Bc5 Na4 27.
Kf2 e5 28. e4 Rc4 29. Kf3 f5 30. Nf2 Nc3 31. Rc1 Nxe4 32. Rxc4 Nd2+ 33. Kg2
Nxc4 34. Nc2 Rd8 35. Ne3 g6 36. Nxc4 bxc4 37. Kf3 c3 38. Be3 c2 39. a4 Rd1 40.
b5 axb5 41. axb5 c1=Q 42. Bxc1 Rxc1 43. e4 Kf7 44. Nd3 Rc3 45. Ke2 Kf6 46. exf5
gxf5 0-1

[Event "Mem. V. Mencikove"]
[Site "Prague"]
[Date "2016.09.18"]
[Round "6.3"]
[White "Londyn, Radek"]
[Black "Cernousek, Lukas"]
[Result "1/2-1/2"]
[WhiteElo "2381"]
[BlackElo "2494"]
[PlyCount "82"]
[EventDate "2016.09.18"]
[EventType "swiss (rapid)"]
[EventRounds "9"]
[EventCountry "CZE"]

1. Nf3 d5 2. c4 d4 3. b4 f6 4. Na3 e5 5. Nc2 a5 6. b5 Nd7 7. d3 Nc5 8. g3 b6 9.
Bg2 Bb7 10. O-O Bd6 11. e3 dxe3 12. Bxe3 Ne7 13. d4 exd4 14. Ncxd4 O-O 15. Re1
Qe8 16. Nh4 Bxg2 17. Kxg2 Rd8 18. Qc2 Qf7 19. Ndf5 Nxf5 20. Nxf5 Rfe8 21. Rad1
Bf8 22. Rxd8 Rxd8 23. Nd4 Re8 24. Rd1 Re4 25. Rc1 f5 26. Ne2 Bd6 27. Bf4 Qe6
28. Kf1 Bxf4 29. Nxf4 Qe5 30. Rd1 Rd4 31. Rxd4 Qxd4 32. Qxf5 Qxc4+ 33. Kg2 h6
34. Qc8+ Kh7 35. Qf5+ Kg8 36. Nd5 Qe2 37. Qc8+ Kh7 38. Qf5+ Kg8 39. Qc8+ Kh7
40. Qf5+ Kg8 41. Nxc7 Nd3 1/2-1/2

[Event "Mem. V. Mencikove"]
[Site "Prague"]
[Date "2016.09.18"]
[Round "6.4"]
[White "Bernasek, Jan"]
[Black "Nguyen Thai Dai, Van"]
[Result "1-0"]
[WhiteElo "2536"]
[BlackElo "2252"]
[PlyCount "81"]
[EventDate "2016.09.18"]
[EventType "swiss (rapid)"]
[EventRounds "9"]
[EventCountry "CZE"]

1. d4 Nf6 2. c4 e6 3. Nc3 Bb4 4. e3 O-O 5. Nge2 b6 6. a3 Be7 7. Nf4 Bb7 8. Bd3
d6 9. O-O Nbd7 10. b4 e5 11. Nfd5 Nxd5 12. Nxd5 Nf6 13. Nxe7+ Qxe7 14. Bb2 e4
15. Be2 c6 16. Qb3 Bc8 17. d5 c5 18. Qc3 Re8 19. Rab1 Qf8 20. Ba1 Bg4 21. f3
exf3 22. gxf3 Bh3 23. Rf2 Re5 24. Kh1 Rae8 25. Rg1 Nh5 26. e4 Bf5 27. bxc5 bxc5
28. Qd2 Bg6 29. Bxe5 Rxe5 30. Bd3 f5 31. Rg5 fxe4 32. Rxe5 dxe5 33. Bxe4 Bxe4
34. fxe4 Nf4 35. d6 Qa8 36. Rxf4 exf4 37. d7 Qd8 38. e5 Kf7 39. Qd5+ Ke7 40.
Qd6+ Kf7 41. e6+ 1-0